000
00194nam a2200073Ia 4500
008
170817s9999 xx 000 0 und d
100
_a
CHAURASIYA
245
0
_a
PARYAVARAN SIKSHA KE MOOL TATTVA
260
_b
SAHITYA PRAKASHAN AGRA
999
_c
36342
_d
36342